VÝZNAM ANALÝZY GÉNOVEJ EXPRESIE V PREDPOVEDI PROGNÓZY A LIEČEBNEJ ODPOVEDE PRI KARCINÓME PRSNEJ ŽĽAZY

Podrobná bibliografia
Hlavní autori: Kajo, Karol, 1962-2026 (Autor), Plank, Lukáš, 1951- (Autor)
Médium: Článok
Jazyk:slovenčina

MARC

LEADER 00000nab a2200000ua 4500
001 vtls010818388
003 SK-MaSNL
005 20260305004029.0
008 230121s2008 xo |||||||||||||||||slo|
035 |a (urnnbn)urn:nbn:sk:snk:ar-a05q4l 
035 |a urn:nbn:sk:snk-ab5mb5 
035 |a (uuid)358e6512-ae9b-4473-837d-46024998216d 
040 |a SNKBUCL  |b slo  |c SNKBUCL  |e AACR2 
041 0 |a slo 
044 |a xo  |c SK 
100 1 |a Kajo, Karol,  |d 1962-2026  |4 aut  |9 12153 
245 1 0 |a VÝZNAM ANALÝZY GÉNOVEJ EXPRESIE V PREDPOVEDI PROGNÓZY A LIEČEBNEJ ODPOVEDE PRI KARCINÓME PRSNEJ ŽĽAZY  |c Karol Kajo, Lukáš Plank 
246 3 |a SIGNIFICANCE OF GENE EXPRESSION PROFILING FOR PREDICTION OF PROGNOSIS AND THERAPY RESPONSE IN BREAST CARCINOMA 
700 1 |a Plank, Lukáš,  |d 1951-  |4 aut  |9 201344 
773 0 |t Onkológia  |g Roč. 3, č. 4 (2008), s. 224-229 
954 |a odborná, vedecká literatúra pôvodná (slovenská)  |2 lita 
958 |a OND 
958 |a EUIPO 
958 |a article5 
999 |c 3233613  |d 3235543